000 00508nam a2200157 i 4500
001 bg
100 1 _aLATOUR, Stanisław.
245 1 0 _aPowstanie i rozwój architektury współczesnej, narodziny nowej tradycji.
_nCz. 3.
_nT. 2,
_pWybitne indywidualności architektury XX wieku /
_cS. Latour, A. Szymski.
260 _aSzczecin,
_c1981.
650 9 _aArchitektura
_xhistoria
_y20 w.
700 1 _aSZYMSKI, Adam.
040 _cBPK
041 _apol
942 _cKS
008 s pl f |000 0 pol
999 _c20991
_d20991
856 _uhttp://koha.tu.koszalin.pl/cgi-bin/koha/opac-detail.pl?biblionumber=20991
_yKatalog online BPK